00761 2200301 4500001002100000005001500021035002000036007000300056008004100059040001700100100001800117245004500135250000900180300003600189020002200225041000800247082001100255084001700266090001700283260003500300650001400335850001000349990002000359990002000379990002000399990002000419990002000439INLIS00000000000371020260528093456 a0010-0721000065ta260528 0  aSBPUPADbind0 aKoes Irianto,1 aEnsiklopedi Kesehatan 2 /cKoes Irianto, aEd.2 aiv, 100 hlm. :billus. ;c25 cm a978-979-465-705-8 aind a610.03 a610.03 KOE e a610.03 KOE e aBandung :bEpsilon Grup,c2010 4aKesehatan aPUPAD a26.180/H/DPK/18 a26.186/H/DPK/18 a26.185/H/DPK/18 a26.184/H/DPK/18 a26.181/H/DPK/18